[Event "Hamburg op"]
[Site "Hamburg"]
[Date "1992.??.??"]
[Round "6"]
[White "Urban, Julian"]
[Black "Mueller, Karsten"]
[Result "0-1"]
[WhiteElo "2400"]
[BlackElo "2490"]

1.Nf3 d5 2.g3 c6 3.Bg2 Bg4 4.O-O Nd7 5.d3 e6 6.Nbd2 Bd6 7.Qe1 Ne7 8.e4 O-O
9.h3 Bh5 10.Nh4 Ng6 11.Nxg6 Bxg6 12.f4 f6 13.Nf3 Qc7 14.Kh1 Rfe8 15.Qe2 b5
16.Nh4 Bf7 17.g4 Nf8 18.Bd2 Ng6 19.Nxg6 hxg6 20.Rae1 dxe4 21.Qxe4 Rac8 22.Bc3 c5
23.b3 a5 24.g5 c4 25.bxc4 bxc4 26.d4 Bb4 27.Qe3 Rcd8 28.h4 Qa7 29.gxf6 gxf6
30.h5 Kg7 31.hxg6 Bxg6 32.f5 exf5 33.Qg3 Rh8+ 34.Kg1 Bd6 35.Qf3 Qc7 36.Rb1 Bb4
37.Bxb4 axb4 38.Rxb4 Qh2+ 39.Kf2 Qh4+ 40.Kg1 Qh2+ 41.Kf2 Qh4+ 42.Kg1 Rxd4
43.Rb7+ Bf7 44.Rf2 Qh2+ 45.Kf1 Rhd8 46.Rb1 c3 47.Ke1 Re8+ 48.Re2 Qg1+  0-1

[Event "Hamburg op"]
[Site "Hamburg"]
[Date "1992.??.??"]
[Round "6"]
[White "Dizdar, Goran"]
[Black "Dankert, Peter"]
[Result "1-0"]
[WhiteElo "2450"]
[BlackElo "2265"]

1.Nf3 d5 2.g3 c6 3.Bg2 Bg4 4.c4 Nf6 5.cxd5 cxd5 6.Ne5 Bc8 7.O-O e6 8.Nc3 Be7
9.d3 O-O 10.e4 Nc6 11.Nxc6 bxc6 12.Qc2 Ba6 13.Rd1 h6 14.Bf4 Nd7 15.Rac1 Nb6
16.Qe2 Rc8 17.b3 Re8 18.Qg4 Kh7 19.Qh5 Rf8 20.Rc2 Bg5 21.Qg4 Bxf4 22.Qxf4 Kg8
23.Qc1 Qd6 24.d4 Rfd8 25.e5 Qf8 26.Nb1 Rc7 27.Qd2 Rb8 28.Qa5 Qc8 29.Rc3 Nd7
30.Rdc1 c5 31.Na3 Qb7 32.f4 Qb6 33.Qxb6 axb6 34.b4 Bc4 35.bxc5 b5 36.Nxc4 bxc4
37.Ra3 Rb2 38.Rd1 Nb8 39.Ra8 Kh7 40.f5 c3 41.Rc1 Nc6 42.Ra4 Rd2 43.fxe6 fxe6
44.Rxc3 Nxd4 45.Bf1 Rf7 46.Bd3+ Rxd3 47.Rxd3 Nf3+ 48.Kh1 Ne1 49.Rf4 Rxf4
50.gxf4 Nxd3 51.c6  1-0

[Event "Hamburg-ch"]
[Site "Hamburg"]
[Date "1992.??.??"]
[Round "8"]
[White "Stelting, Thorsten"]
[Black "Jacoby, Florian"]
[Result "1/2-1/2"]
[WhiteElo "2255"]
[BlackElo "2220"]

1.Nf3 d5 2.g3 c6 3.Bg2 Bg4 4.Ne5 Bh5 5.c4 e6 6.Qb3 Qb6 7.Qxb6 axb6 8.cxd5 exd5
9.d4 Na6 10.Bd2 Nb4 11.Bxb4 Bxb4+ 12.Nd2 Ne7 13.Nd3 Bxd2+ 14.Kxd2 Nf5 15.Nf4 Bg6
16.e3 Nd6  1/2-1/2

[Event "Haninge"]
[Site "Haninge"]
[Date "1992.??.??"]
[Round "4"]
[White "Kengis, Edvins"]
[Black "Hector, Jonny"]
[Result "1-0"]
[WhiteElo "2575"]
[BlackElo "2535"]

1.Nf3 d5 2.g3 c6 3.Bg2 Bg4 4.O-O Nd7 5.d4 e6 6.Nbd2 f5 7.c4 Bd6 8.Qb3 Rb8
9.cxd5 exd5 10.Qd3 Nh6 11.Nb3 Qf6 12.Bg5 Qe6 13.Nc5 Bxc5 14.dxc5 Bxf3 15.exf3 O-O
16.Rfe1 Qg6 17.Bf4 Rbc8 18.Qa3 b6 19.b4 Rf7 20.Qxa7 Nxc5 21.Qxb6 Nd3 22.Qa6 Nxe1
23.Qxc8+ Rf8 24.Qa6 Nc2 25.Rc1 Nxb4 26.Qa3 c5 27.Rxc5 Qb6 28.Qa5 Qxa5 29.Rxa5 Rd8
30.Bd2 Nc6 31.Rc5 Ne7 32.Bg5 Kf7 33.a4 Nhg8 34.a5 h6 35.Bd2 Rc8 36.Rxc8 Nxc8
37.Be3 Nge7 38.a6 Nc6 39.f4 Ke6 40.Bc5 g6 41.Kf1 N8a7 42.Ke1 Nb5 43.Kd2 Nc7
44.a7 Na5 45.Kc3 Nb7 46.Bb6 Na8 47.Kd4  1-0

[Event "Havana-B"]
[Site "Havana"]
[Date "1992.??.??"]
[Round "?"]
[White "Hernandez, Amelia"]
[Black "Huergo, Jose Ramon"]
[Result "0-1"]
[WhiteElo "2075"]
[BlackElo "2345"]

1.Nf3 d5 2.g3 c6 3.Bg2 Bg4 4.O-O Nd7 5.d4 e6 6.Nbd2 f5 7.c3 Bd6 8.Ne1 f4
9.Nd3 fxg3 10.fxg3 Ngf6 11.Qe1 O-O 12.e4 Nxe4 13.Nxe4 dxe4 14.Nf2 Bf5 15.Nxe4 Be7
16.Bf4 Nb6 17.Qe2 Nd5 18.Be5 Qb6 19.g4 Bg6 20.c4 Nf6 21.c5 Qd8 22.Ng5 Qd7
23.Bxf6 Rxf6 24.Rxf6 Bxf6 25.Qxe6+ Qxe6 26.Nxe6 Bf7 27.g5 Bxe6 28.gxf6 gxf6
29.Kf2 Kf7 30.b4 Rd8 31.Ke3 Bd5 32.Bxd5+ Rxd5 33.a4 Rh5 34.Ra2 Rh3+ 35.Ke4 Ke6
36.b5 f5+ 37.Kf4 Rh4+ 38.Kg5 Rxd4 39.bxc6 bxc6 40.Re2+ Re4 41.Rd2 Rxa4 42.Rd6+ Ke5
43.Rxc6 Rg4+ 44.Kh5 Rg7 45.Rc8 Rf7 46.Rd8 f4 47.c6 Ke6 48.Rd3 f3 49.c7 Rxc7
50.Rxf3 a5 51.h4 Ra7 52.Kh6 a4  0-1

[Event "Helsinki op"]
[Site "Helsinki"]
[Date "1992.??.??"]
[Round "1"]
[White "Kharlov, Andrei"]
[Black "Levitina, Irina S"]
[Result "1-0"]
[WhiteElo "2555"]
[BlackElo "2415"]

1.g3 d5 2.Nf3 Bg4 3.Bg2 c6 4.b3 Nd7 5.Bb2 Ngf6 6.O-O e6 7.d3 Be7 8.Nbd2 O-O
9.c4 a5 10.a3 b5 11.Qc2 Rc8 12.Rfc1 Bd6 13.Nf1 Bh5 14.Nd4 Bc5 15.Nf3 Re8
16.e3 Bd6 17.N1d2 Nc5 18.b4 axb4 19.axb4 Na4 20.Bxf6 gxf6 21.c5 Bf8 22.Nd4 f5
23.N4b3 Bg7 24.d4 f4 25.gxf4 Bg6 26.Qa2 Qh4 27.Na5 f6 28.Nb7 Rb8 29.Na5 Rbc8
30.Qb3 Kh8 31.Ra2 Rg8 32.Kh1 Bh5 33.Nf1 e5 34.dxe5 fxe5 35.fxe5 Bxe5 36.f4 Bf6
37.Nb7 Rcf8 38.Nd6  1-0

[Event "Helsinki op"]
[Site "Helsinki"]
[Date "1992.??.??"]
[Round "2"]
[White "Romanishin, Oleg M"]
[Black "Bagirov, Vladimir"]
[Result "1/2-1/2"]
[WhiteElo "2555"]
[BlackElo "2500"]

1.Nf3 d5 2.g3 Bg4 3.Ne5 Bf5 4.d4 Nd7 5.Nd3 e6 6.Bg2 Ngf6 7.c3 c5 8.dxc5 Nxc5
9.O-O Nxd3 10.exd3 Be7 11.Na3 O-O 12.Nc2 Qb6 13.Nd4 Bg6 14.Nf3 Nd7 15.Re1 Bf6
16.d4 Qc6 17.a4 a6 18.a5 Rfe8 19.h4 Bd8 20.Nh2 f6 21.Ng4 Kh8 22.Ne3 Be4 23.Bh3 Be7
24.h5 h6 25.Ng2 Nf8 26.Nh4 e5 27.Be3 Ne6 28.Qa4 Qxa4 29.Rxa4 exd4 30.cxd4 Ng5
31.Bf1 Bd6 32.Bg2  1/2-1/2

[Event "Helsinki op"]
[Site "Helsinki"]
[Date "1992.??.??"]
[Round "3"]
[White "Pigusov, Evgeny"]
[Black "Piskov, Yury"]
[Result "0-1"]
[WhiteElo "2565"]
[BlackElo "2500"]

1.Nf3 d5 2.g3 c6 3.Bg2 Bg4 4.b3 Nd7 5.Bb2 Qc7 6.d3 e5 7.e4 dxe4 8.dxe4 f6
9.Nbd2 Bc5 10.O-O Ne7 11.a3 a5 12.c3 Be6 13.b4 Bd6 14.Qe2 b5 15.Nh4 O-O 16.Nf5 Nb6
17.Nxd6 Qxd6 18.Rfd1 Qc7 19.Rac1 Nec8 20.Bf1 Nd6 21.Qe3 Rfd8 22.h4 Rd7 23.Be2 Rad8
24.Ba1 a4 25.Bb2 Bb3 26.Nxb3 Ndc4 27.Rxd7 Rxd7 28.Qf3 axb3 29.Qg4 Nxb2 30.Qe6+ Kf8
31.Qxb3 N2c4 32.Rc2 Rd8 33.a4 bxa4  0-1

[Event "Helsinki op"]
[Site "Helsinki"]
[Date "1992.??.??"]
[Round "9"]
[White "Pigusov, Evgeny"]
[Black "Sveshnikov, Evgeny"]
[Result "1/2-1/2"]
[WhiteElo "2565"]
[BlackElo "2525"]

1.Nf3 d5 2.g3 Nf6 3.Bg2 c6 4.c4 dxc4 5.O-O b5 6.Nc3 e6 7.b3 cxb3 8.Qxb3 a6
9.d4 Be7 10.Bg5 O-O 11.Rac1 h6 12.Bxf6 Bxf6 13.Ne4 Be7 14.Rfd1 Ra7 15.Ne5 Bd7
16.Nc5 Be8 17.Be4 Bd6 18.Bb1 Qe7 19.Qd3 g6 20.h4 h5 21.Qe3 Kg7 22.Be4 Rc7
23.Bf3 f6 24.Ned3 Bf7 25.Rc2 Rd8 26.Rdc1 a5 27.Qd2 Bxc5 28.Nxc5 b4 29.Nb3 e5
30.Nxa5 Rxd4 31.Qe3 c5 32.Nb3 Bxb3 33.Qxb3 Nd7 34.e3 Rd6 35.a3 e4 36.Be2 Rb7
37.axb4 Rxb4 38.Qa3 Rdb6 39.Kg2 Rb8 40.Qa2 R4b6 41.Rd2 R6b7 42.Qa5 Rc8 43.Rd5 Rcc7
44.Rc2 Qe6 45.Qd2 Rb6 46.Bc4 Qc6 47.Ba2 Ra7 48.Rc1 Qb7 49.Rc2 Qc7 50.Rc1 Rc6
51.Bc4 Rb7  1/2-1/2

[Event "HUN-chT"]
[Site "HUN"]
[Date "1992.??.??"]
[Round "?"]
[White "Barczay, Laszlo"]
[Black "Kiss, Laszlo"]
[Result "1-0"]
[WhiteElo "2350"]
[BlackElo "2295"]

1.Nf3 d5 2.g3 Nf6 3.Bg2 c6 4.c4 Bf5 5.cxd5 cxd5 6.Qb3 Qc8 7.Nc3 e6 8.d3 Nc6
9.O-O h6 10.Bf4 Nh5 11.Bd2 Be7 12.e4 dxe4 13.dxe4 Bh7 14.e5 g5 15.g4 Nf4
16.Bxf4 gxf4 17.Qa4 Rg8 18.Qxf4 h5 19.g5 Bf5 20.h4 Qc7 21.Nd5 Qa5 22.Nf6+ Bxf6
23.exf6 Rg6 24.Rfd1 Rd8 25.Nd4 Qb4 26.Nxe6  1-0

[Event "HUN-chT"]
[Site "HUN"]
[Date "1992.??.??"]
[Round "?"]
[White "Bardossi, Jeno"]
[Black "Kovacs, Laszlo M"]
[Result "1-0"]
[WhiteElo "2280"]
[BlackElo "2350"]

1.Nf3 d5 2.g3 c6 3.Bg2 Nd7 4.d3 e5 5.Nbd2 Bc5 6.O-O Ne7 7.e4 O-O 8.c3 Bb6
9.Re1 Ng6 10.Nf1 Re8 11.Be3 f6 12.b4 Bxe3 13.Nxe3 dxe4 14.Qb3+ Kh8 15.dxe4 Nb6
16.Red1 Qc7 17.c4 Be6 18.Qc2 a5 19.c5 Nd7 20.a3 axb4 21.axb4 Ndf8 22.Nc4 Bxc4
23.Qxc4 Rxa1 24.Rxa1 Qd7 25.h4 Ne6 26.Bh3 Ngf8 27.Kg2 g6 28.Ra7 Kg7 29.Qc3 Re7
30.Ra2 Qd8 31.Qc4 Qe8 32.Rd2 Rd7 33.Rb2 Qf7 34.Qb3 Re7 35.Qc3 Nc7 36.Rd2 Nb5
37.Qd3 Ne6 38.Bxe6 Qxe6 39.Ne1 f5 40.Nc2 f4 41.Na3 Nxa3 42.Qxa3 Qc4 43.f3 fxg3
44.Kxg3 h6 45.Qb2 Qf7 46.Rd3 Qf4+ 47.Kh3 g5 48.hxg5 hxg5 49.Qd2 g4+ 50.fxg4 Kf6
51.g5+ Kf7 52.Qxf4+ exf4 53.Rd4 Ke6 54.Kg4 Ke5 55.Rd1 Re8 56.Rf1 Rf8 57.g6 Kxe4
58.g7 Rg8 59.Rxf4+ Ke5 60.Rf7 Ke6 61.Rxb7 Kf6 62.Kh5 Rd8 63.Kh6 Rd1 64.Kh7 Rh1+
65.Kg8 Re1 66.Rc7 Re8+ 67.Kh7 Rb8 68.g8=Q  1-0

[Event "HUN-chT"]
[Site "HUN"]
[Date "1992.??.??"]
[Round "?"]
[White "Forgacs, Jozsef"]
[Black "Sinkovics, Peter"]
[Result "1-0"]
[WhiteElo "2300"]
[BlackElo "2335"]

1.g3 d5 2.Nf3 Nf6 3.Bg2 c6 4.O-O Bg4 5.b3 Nbd7 6.Bb2 e6 7.d4 Ne4 8.Ne1 Bh5
9.Nd3 Bd6 10.Nd2 f5 11.c4 O-O 12.Qe1 Qb8 13.Nf3 a5 14.Bc1 a4 15.c5 Bc7 16.Bf4 h6
17.b4 Bxf4 18.Nxf4 Qe8 19.Nd3 g5 20.Nfe5 Nef6 21.Nxd7 Nxd7 22.f4 Qe7 23.Rb1 b5
24.cxb6 Rfb8 25.a3 Nxb6 26.Ne5 Be8 27.e3 g4 28.Rc1 Qd6 29.h3 h5 30.hxg4 hxg4
31.Kf2 Ra7 32.Rh1 Rbb7 33.Qe2 Nc8 34.Qc2 Rc7 35.Rh6 Rh7 36.Rch1 Nb6 37.Qxf5 exf5
38.Rxd6 Rxh1 39.Bxh1 Rh7 40.Bg2 Nc4 41.Rd8 Kf8 42.Nxc4  1-0

[Event "HUN-chT"]
[Site "HUN"]
[Date "1992.??.??"]
[Round "?"]
[White "Gyurkovics, Miklos"]
[Black "Forgo, Eva"]
[Result "1/2-1/2"]
[WhiteElo "2260"]
[BlackElo "2220"]

1.Nf3 d5 2.g3 Nf6 3.Bg2 c6 4.b3 Bg4 5.Bb2 e6 6.O-O Nbd7 7.d3 h6 8.Nbd2 Be7
9.Qe1 O-O 10.e4 a5 11.a3 Qc7 12.h3 Bh5 13.Nh2 dxe4 14.dxe4 e5 15.Nc4 b5 16.Ne3 Rfe8
17.Nf5 Bf8 18.g4 Bg6 19.Qe2 Nc5 20.Rfe1 Ne6 21.Nf3 Nf4 22.Qf1 Nd7 23.a4 b4
24.Rad1 f6 25.Nd2 Nc5 26.Nc4 Rad8 27.Bc1 Nce6 28.Be3 c5 29.Nb2 Bf7 30.Qb5 Nd4
31.Nxd4 cxd4 32.Bxf4 exf4 33.Nc4 Bxc4 34.Qxc4+ Qxc4 35.bxc4 Bc5 36.Bf1 Kf7
37.Kg2 Ke6 38.Kf3 Ke5 39.Bd3 Rb8 40.Rb1 Rh8 41.Kg2 h5 42.Be2 hxg4 43.hxg4 Rb7
44.Bd3 g5 45.f3 Rbh7 46.Rh1 Rxh1 47.Rxh1 Rxh1 48.Kxh1 Be7 49.Kg2 Kd6 50.Kf2 Kc5
51.Ke2 b3 52.cxb3 Kb4 53.c5 Bxc5 54.Bc4 Kc3 55.Bb5  1/2-1/2

[Event "HUN-chT"]
[Site "HUN"]
[Date "1992.??.??"]
[Round "?"]
[White "Kahn, Evarth"]
[Black "Varga, Peter"]
[Result "1-0"]
[WhiteElo "2255"]
[BlackElo "2310"]

1.Nf3 d5 2.g3 c6 3.Bg2 Bg4 4.O-O Nd7 5.c4 e6 6.d3 Ngf6 7.Nbd2 Be7 8.b3 O-O
9.Bb2 h6 10.Rc1 a5 11.a3 Qb6 12.Rc2 Rfe8 13.Qa1 Bf8 14.Rfc1 Bh5 15.h3 Bg6
16.Ne5 Nxe5 17.Bxe5 Nd7 18.Bc3 f6 19.Ra2 Bf7 20.b4 a4 21.Bd4 Qd8 22.cxd5 exd5
23.Nf3 Bd6 24.Rac2 Qe7 25.Nh4 Be6 26.e4 Qf7 27.exd5 Bxd5 28.Bxd5 Qxd5 29.Qa2 Qxa2
30.Rxa2 Kf7 31.Nf5 Bf8 32.g4 g6 33.Ne3 Rad8 34.Nc4 Nb8 35.Be3 Rxd3 36.Nb6 Nd7
37.Nxa4 Ra8 38.Nc3 Ne5 39.Kf1 Nc4 40.Ke2 Rd7 41.Na4 Nxe3 42.Nb6 Rdd8 43.fxe3 Ra6
44.Nc4 b5 45.Na5 Rc8 46.Rd2 c5 47.Rd7+ Ke6 48.Rb7 c4 49.Rc3 Rc5 50.Nb3 cxb3
51.bxc5 b2 52.Rxb5 Bg7 53.Rcb3 Kd5 54.Rxb2 Rxa3 55.Rc2 Kc6 56.Rb6+ Kc7 57.Re6 Kd7
58.Re4 Ra6 59.c6+ Rxc6 60.Rxc6 Kxc6 61.Re7 Bf8 62.Re6+ Kd5 63.Rxf6  1-0

[Event "HUN-chT"]
[Site "HUN"]
[Date "1992.??.??"]
[Round "?"]
[White "Murin, Janos"]
[Black "Kral, Peter"]
[Result "0-1"]
[WhiteElo "2255"]
[BlackElo "2230"]

1.Nf3 d5 2.g3 Nf6 3.Bg2 c5 4.O-O Nc6 5.d3 e6 6.Nbd2 Be7 7.e4 O-O 8.e5 Nd7
9.Re1 Qc7 10.Qe2 b5 11.Nf1 Re8 12.Bf4 Bb7 13.h4 Nf8 14.h5 Qd8 15.N1h2 f6
16.a3 fxe5 17.Nxe5 Bf6 18.Nhg4 Nxe5 19.Bxe5 Bxe5 20.Nxe5 Rb8 21.Qg4 Qf6 22.Re2 Qf5
23.Qh4 Qf6 24.Qh3 Bc8 25.Rae1 b4 26.Qg4 Rb6 27.Re3 h6 28.Qe2 Bb7 29.Rf3 Qd8
30.Rf7 Re7 31.Rf4 bxa3 32.bxa3 Nd7 33.Ng6 Re8 34.Ra4 a6 35.Qd2 Nf6 36.Qe2 Qd7
37.Rf4 Qd8 38.Ne5 Re7 39.c4 Rb3 40.Qc2 Qb6 41.d4 Nxh5 42.Rg4 Nf6 43.Rg6 cxd4
44.c5 Qa5 45.Rd1 Qc3 46.Qe2 Rb2 47.Qf1 Kh7 48.c6 Bxc6 49.Qxa6 Be8 50.Rxf6 gxf6
51.Ng4 Kg7 52.Qd6 Qc7 53.Qa6 h5 54.Nh2 Qc2  0-1

[Event "HUN-chT"]
[Site "HUN"]
[Date "1992.??.??"]
[Round "?"]
[White "Nagy, Ervin"]
[Black "Lorincz, Istvan"]
[Result "1/2-1/2"]
[WhiteElo "2345"]
[BlackElo "2340"]

1.Nf3 d5 2.g3 c6 3.Bg2 Nf6 4.O-O Bf5 5.d3 h6 6.Nbd2 e6 7.Qe1 Be7 8.e4 Bh7
9.Qe2 O-O 10.b3 a5 11.a4 Na6 12.Bb2 Nb4 13.Ne1 Qb6 14.Kh1 dxe4 15.dxe4 Rfd8
16.Nc4 Qa6 17.c3 Nbd5 18.Nd3 Nb6 19.Nce5 Nbd7 20.c4 Qb6 21.Rab1 Nc5 22.Nxc5 Bxc5
23.f4 Bd4 24.Ba3 Bc3 25.c5 Qc7 26.Nc4 Rd4 27.Nd6 Bb4 28.Bxb4 Rxb4 29.Rfd1 b5
30.axb5 cxb5 31.Rbc1 Rb8 32.e5 Nd5 33.f5 Ne7 34.fxe6 fxe6 35.Qe3 a4 36.bxa4 bxa4  1/2-1/2

[Event "HUN-chT"]
[Site "HUN"]
[Date "1992.??.??"]
[Round "?"]
[White "Nagy, Ervin"]
[Black "Sapi, Laszlo"]
[Result "1/2-1/2"]
[WhiteElo "2345"]
[BlackElo "2305"]

1.Nf3 d5 2.g3 Nf6 3.Bg2 c5 4.O-O Nc6 5.d3 g6 6.Bg5 Bg7 7.Qc1 O-O 8.Bh6 Re8
9.Bxg7 Kxg7 10.c4 d4 11.Na3 Bd7 12.Nc2 e5 13.e4 Qc8 14.Qd2 Bh3  1/2-1/2

[Event "HUN-chT"]
[Site "HUN"]
[Date "1992.??.??"]
[Round "?"]
[White "Nagy, Ervin"]
[Black "Toth, Janos"]
[Result "1/2-1/2"]
[WhiteElo "2345"]
[BlackElo "2275"]

1.Nf3 d5 2.g3 Nf6 3.Bg2 e6 4.O-O Be7 5.d3 O-O 6.Nbd2 c5 7.e4 Nc6 8.e5 Nd7
9.Re1 Qc7 10.Qe2 b6 11.c3 Ba6 12.Nf1 Rfe8 13.h4 Rad8 14.Bf4 Nf8 15.h5 b5
16.N1h2 d4 17.Ng4 c4 18.Nxd4 Nxd4 19.cxd4 Rxd4 20.dxc4 Qxc4 21.Qf3 Red8 22.Ne3 Qa4
23.Nf1 R4d7 24.Qb3 Qa5 25.Be4 Bb7  1/2-1/2

[Event "HUN-chT"]
[Site "HUN"]
[Date "1992.??.??"]
[Round "?"]
[White "Nemeth, Zoltan"]
[Black "Lukacs, Peter"]
[Result "1/2-1/2"]
[WhiteElo "2360"]
[BlackElo "2495"]

1.Nf3 d5 2.g3 c6 3.Bg2 Nf6 4.b3 Bg4 5.Bb2 e6 6.Ne5 Bh5 7.O-O Be7 8.d4 O-O
9.Nd2 a5 10.a3 Na6 11.h3 Rc8 12.g4 Bg6 13.Nxg6 hxg6 14.e4 c5 15.dxc5 Nxc5
16.exd5 Nxd5 17.Qf3 Qc7 18.Rfe1 Bf6 19.Bxf6 gxf6 20.Bf1 Rfd8 21.Rad1 e5 22.Ne4 Nxe4
23.Rxe4 Qe7 24.Bc4 Nb6 25.Rxd8+ Rxd8 26.b4 axb4 27.axb4 Kg7 28.Bb3 Rd7 29.c3 Nc8
30.Re1 Qd8  1/2-1/2

[Event "HUN-chT"]
[Site "HUN"]
[Date "1992.??.??"]
[Round "?"]
[White "Nogradi, Vilmos"]
[Black "Gerencer, Jozef"]
[Result "0-1"]
[WhiteElo "2250"]
[BlackElo "2220"]

1.Nf3 d5 2.g3 Nf6 3.Bg2 e6 4.O-O Nbd7 5.b3 Be7 6.Bb2 O-O 7.d3 b6 8.e4 dxe4
9.Ng5 Bb7 10.Nd2 c5 11.Ndxe4 Qc7 12.Qe2 h6 13.Nh3 Nxe4 14.dxe4 e5 15.f4 Bf6
16.Rad1 Rfd8 17.Qh5 c4 18.Rxd7 Rxd7 19.fxe5 Qc5+ 20.Kh1 c3 21.Bxc3 Ba6 22.Rg1 Qxc3
23.exf6 Qxf6 24.Nf4 Bb7 25.Qg4 Rd4 26.Qe2 Re8 27.c4 Bxe4 28.Nd5 Bxg2+ 29.Qxg2 Qe5
30.a4 Qe2 31.h4 Rd2 32.Nf4 Qxg2+ 33.Rxg2 Re1+ 34.Kh2 Rxg2+ 35.Kxg2 Rb1 36.a5 Rxb3
37.axb6 axb6 38.Nd5 b5 39.cxb5 Rxb5 40.Ne7+ Kf8 41.Nc6 Rb3 42.Nd4 Ra3 43.Nf5 h5
44.Nd4 Ke7 45.Ne2 Ra2 46.Kf3 Rxe2 47.Kxe2 Kf6 48.Kf2 Kf5 49.Kf3 f6 50.Kf2 Kg4
51.Kg2 f5 52.Kf2 f4  0-1

[Event "HUN-chT"]
[Site "HUN"]
[Date "1992.??.??"]
[Round "?"]
[White "Nogradi, Vilmos"]
[Black "Lenart, Endre"]
[Result "1/2-1/2"]
[WhiteElo "2250"]
[BlackElo "2305"]

1.Nf3 d5 2.g3 c5 3.Bg2 Nc6 4.d4 Bg4 5.Ne5 Nxe5 6.dxe5 e6 7.O-O Ne7 8.c4 Qc7
9.Nc3 O-O-O 10.Nb5 Qb6 11.Nd6+ Rxd6 12.exd6 Qxd6 13.f3 Bf5 14.e4 Bg6 15.cxd5 exd5
16.Be3 d4 17.Rc1 Nc6 18.Bf4 Qe6 19.b4 Nxb4 20.Qxd4 Nc6 21.Qb2 f6 22.Be3 Bf7
23.a3 c4 24.Rb1 Qe7 25.Rfd1 Be6 26.f4 Qc7 27.e5 Be7 28.Bxa7 Rd8 29.Rxd8+ Nxd8
30.Bd4 f5 31.a4 Nc6 32.Bb6 Qd7 33.Qc3 g5 34.Bf2 Bd8 35.Bf3 g4 36.Bg2 h5 37.Rb5 Qd1+
38.Bf1 Qxa4 39.Rb1 Ba5 40.Qb2 Nd8 41.Qd4 Qc2 42.Rb5 Bc7 43.Qa7 Qd1 44.Rc5 Bd5
45.Qa5 Bc6 46.Qa8+ Kd7 47.Rxc4 Qf3 48.Rxc6 bxc6 49.e6+ Nxe6 50.Qg8 Qe4 51.Qf7+ Kd6
52.Qxh5 c5 53.Qe8 Nd4 54.Qg6+ Kd7 55.Qg7+ Kd6 56.Qf8+ Kd7  1/2-1/2

[Event "HUN-chT"]
[Site "HUN"]
[Date "1992.??.??"]
[Round "?"]
[White "Szilagyi, Peter"]
[Black "Lukacs, Peter"]
[Result "0-1"]
[WhiteElo "2415"]
[BlackElo "2495"]

1.Nf3 d5 2.g3 Nf6 3.Bg2 c6 4.O-O Bg4 5.b3 Nbd7 6.Bb2 e6 7.d3 Be7 8.c4 O-O
9.Na3 Qb6 10.Qc1 a5 11.Nc2 a4 12.b4 dxc4 13.dxc4 Qa6 14.Qf4 Bf5 15.Rac1 Rfd8
16.a3 Bg6 17.g4 Ne8 18.Ne3 Bd6 19.Qg5 h6 20.Qh4 f6 21.Qh3 Bf4 22.Nh4 Bh7
23.g5 hxg5 24.Qxe6+ Kh8 25.Rcd1 gxh4 26.Rxd7 Rxd7 27.Qxd7 Qb6 28.Qe7 Rd8
29.Qf8+ Bg8 30.Nf5 Qc7 31.c5 Qf7 32.Qxf7 Bxf7 33.e3 Bb8 34.Bd4 g5 35.Rc1 Kh7
36.h3 Bd5 37.Bxd5 Rxd5 38.e4 Rd7 39.Kg2 Kg6 40.Kf3 Nc7 41.Ke2 Nb5 42.Bb2 Bf4
43.Ne3 Nc7 44.Rb1 Ne6 45.Bc3 Bc7 46.b5 Nxc5 47.bxc6 Nxe4 48.Bb4 bxc6 49.Rc1 c5
50.Be1 f5 51.f3 Ng3+ 52.Bxg3 hxg3 53.Rc4 Bf4  0-1

[Event "HUN-chT"]
[Site "HUN"]
[Date "1992.??.??"]
[Round "?"]
[White "Tompa, Janos"]
[Black "Krizsany, Laszlo"]
[Result "1/2-1/2"]
[WhiteElo "2415"]
[BlackElo "2365"]

1.Nf3 d5 2.g3 Nf6 3.Bg2 e6 4.O-O Be7 5.d3 O-O 6.Nbd2 c5 7.e4 Nc6 8.Re1 Qc7
9.e5 Nd7 10.Qe2 b5 11.c3 a5 12.Nf1 Ba6 13.Bf4 b4 14.Ne3 a4  1/2-1/2

[Event "HUN-chT"]
[Site "HUN"]
[Date "1992.??.??"]
[Round "3"]
[White "Barczay, Laszlo"]
[Black "Petran, Pal"]
[Result "1/2-1/2"]
[WhiteElo "2350"]
[BlackElo "2470"]

1.Nf3 d5 2.g3 c6 3.Bg2 Nf6 4.c4 dxc4 5.O-O Nbd7 6.Qc2 Nb6 7.Na3 Qd5 8.Nh4 Qd4
9.Re1 Be6 10.Nf3 Qd6 11.e4 Nfd7 12.Ng5 Ne5 13.Nxe6 Qxe6 14.b3 O-O-O 15.d4 cxd3
16.Qd2 Qd6 17.Bb2 e6 18.Red1 f6 19.Rac1 Qb4 20.Nb1 Qxd2 21.Nxd2 Bb4 22.h3 g5
23.Bxe5 fxe5 24.Nf3 h6 25.Nxe5 d2 26.Rc2 Rhf8 27.Kf1 Kc7 28.Ke2 a5 29.Bf3 Rd4
30.Ke3 Rdd8 31.Be2  1/2-1/2

[Event "HUN-chT"]
[Site "HUN"]
[Date "1992.??.??"]
[Round "4"]
[White "Forgacs, Jozsef"]
[Black "Balogh, Bela"]
[Result "1/2-1/2"]
[WhiteElo "2300"]
[BlackElo "2260"]

1.g3 d5 2.Nf3 Nf6 3.Bg2 c6 4.c4 Bf5 5.cxd5 Nxd5 6.b3 e5 7.O-O Nb4 8.a3 Bc2
9.Qe1 N4a6 10.Nxe5 Qd4 11.Ra2 Bxb3 12.Rb2 Be6 13.Nf3 Qd7 14.d4 Bd6  1/2-1/2

[Event "HUN-chT"]
[Site "HUN"]
[Date "1992.??.??"]
[Round "8"]
[White "Bencze, Laszlo"]
[Black "Gyurkovics, Miklos"]
[Result "0-1"]
[WhiteElo "2270"]
[BlackElo "2260"]

1.Nf3 d5 2.g3 c5 3.Bg2 Nc6 4.O-O e5 5.d3 Be7 6.Nbd2 g5 7.e4 d4 8.Nc4 f6 9.Ne1 h5
10.f4 b5 11.Na3 a6 12.Bf3 g4 13.Be2 exf4 14.Bxf4 Bb7 15.Ng2 f5 16.exf5 Nh6
17.c4 b4 18.Nb1 Nxf5 19.Nd2 Ne3 20.Nxe3 dxe3 21.Ne4 Nd4 22.Bxe3 Qd7 23.Rf4 O-O-O
24.Qd2 Ne6 25.Raf1 Nxf4 26.Rxf4 Rhf8 27.Qe1 Rxf4 28.gxf4 Qf5 29.Qf2 Bxe4
30.dxe4 Qxe4 31.Bxc5 Rd2 32.Bxe7 Qxe2 33.Qxe2 Rxe2 34.Bf6 Kd7 35.Be5 h4 36.c5 Kc6
37.Bd4 Kd5 38.Bf2 h3 39.f5 Rxb2 40.Kf1 Rxa2 41.f6 Ke6  0-1

[Event "HUN-chT"]
[Site "HUN"]
[Date "1992.??.??"]
[Round "13"]
[White "Vancsura, Zoltan"]
[Black "Reiner, Sandor"]
[Result "1-0"]
[WhiteElo "2230"]
[BlackElo "2275"]

1.Nf3 d5 2.g3 c6 3.Bg2 Nd7 4.c4 e5 5.cxd5 cxd5 6.O-O Ngf6 7.b3 Bd6 8.Nc3 a6
9.a4 Qe7 10.Nh4 Qe6 11.d3 O-O 12.e4 d4 13.Ne2 Nc5 14.Rb1 b5 15.Nf5 bxa4 16.bxa4 Bd7
17.Rb6 Bxa4 18.Qd2 Nb3 19.Qg5 Ne8 20.Rxd6 f6 21.Rxe6 fxg5 22.Ba3 Rf6 23.Rxe5 Bb5
24.Rd1 g6 25.Nfxd4 Nxd4 26.Nxd4 Ba4 27.Rc1 Rb8 28.Bh3 Ng7 29.Rxg5 Bb5 30.Nxb5 axb5
31.Rgc5  1-0

[Event "Hyeres op"]
[Site "Hyeres"]
[Date "1992.??.??"]
[Round "?"]
[White "Foisor, Cristina Adela B"]
[Black "Rausis, Igors"]
[Result "1/2-1/2"]
[WhiteElo "2365"]
[BlackElo "2490"]

1.Nf3 d5 2.g3 Bg4 3.Bg2 Nd7 4.d4 c6 5.O-O Ngf6 6.Nbd2 e6 7.c4 Bd6 8.b3 O-O
9.Bb2 Qe7 10.Ne5 Bf5 11.e3 Bxe5 12.dxe5 Ng4 13.e4 dxe4 14.Nxe4 Ngxe5 15.Qd6 Qxd6
16.Nxd6 Rab8 17.Nxf5 exf5 18.Rad1 Rfd8 19.Rd2 Ng6 20.Rfd1 Ngf8 21.h4 h5 22.Bf3 c5
23.Bxh5 Rbc8 24.Kg2 a6 25.Bf3 b5 26.Bb7 Rc7 27.Bxa6 bxc4 28.Bxc4 Ra8 29.a4 Nb6
30.Rd8 Rxd8 31.Rxd8 Nxc4 32.bxc4 f6 33.Ra8 Kf7 34.a5 Rb7 35.Bc1 Rb4 36.a6 Rxc4
37.Be3 Ne6 38.Ra7+ Kg6 39.Re7 Nd4 40.a7 Ra4 41.Rc7 Nb5 42.Rxc5 Nxa7 43.Kh3 Ra6
44.h5+ Kxh5 45.Rc7 Nc6 46.Rxg7 Ne5  1/2-1/2

[Event "Iraklion op"]
[Site "Iraklion"]
[Date "1992.??.??"]
[Round "7"]
[White "Velikov, Petar"]
[Black "Bartels, Hans A"]
[Result "1-0"]
[WhiteElo "2445"]
[BlackElo "2350"]

1.Nf3 d5 2.g3 Nf6 3.Bg2 e6 4.c4 dxc4 5.Qa4+ Nbd7 6.Qxc4 c5 7.O-O a6 8.Qc2 b5
9.b3 Bb7 10.Bb2 Be7 11.d3 O-O 12.Nbd2 Rc8 13.Rac1 Qb6 14.Qb1 Rfd8 15.Rfd1 Nb8
16.a3 Nc6 17.e3 Qa7 18.Ng5 Nb8 19.Bf1 Nbd7 20.Nge4 Bd5 21.Bc3 Qb7 22.Nxf6+ Bxf6
23.Bxf6 Nxf6 24.b4 cxb4 25.axb4 Qe7 26.Qb2 Bb7 27.e4 h5 28.Qa3 h4 29.Nb3 Rxc1
30.Rxc1 hxg3 31.hxg3 Ng4 32.Na5 Qf6 33.Rc2 Bxe4 34.dxe4 Rd1 35.Qc3 Qh6 36.f4 Qh3
37.Qf3 Ne3 38.Qxd1 Qxg3+ 39.Rg2 Qxg2+ 40.Bxg2 Nxd1 41.Nc6 Nc3 42.Kf2 f6 43.Ke3 Kf7
44.Bf3 Na2 45.Kd2  1-0

[Event "IRL-op"]
[Site "IRL"]
[Date "1992.??.??"]
[Round "?"]
[White "Hodgson, Julian M"]
[Black "Shabalov, Alexander"]
[Result "1/2-1/2"]
[WhiteElo "2580"]
[BlackElo "2540"]

1.g3 d5 2.Nf3 c6 3.Bg2 Bg4 4.d3 Nd7 5.Nbd2 e6 6.h3 Bh5 7.O-O Bd6 8.e4 Ne7
9.d4 O-O 10.c4 Bc7 11.a3 Bb6 12.c5 Bc7 13.e5 f6 14.exf6 Rxf6 15.Re1 Qf8 16.g4 Bg6
17.Qe2 h6 18.h4 e5 19.Nxe5 Nxe5 20.dxe5 Re6 21.Nf3 h5 22.Bg5 hxg4 23.Nd4 Rxe5
24.Qxg4 Bf5  1/2-1/2

[Event "Interprovincials"]
[Site "IRL"]
[Date "1992.??.??"]
[Round "?"]
[White "Daly, Colm"]
[Black "Quinn, Mark"]
[Result "1-0"]
[WhiteElo "2225"]
[BlackElo "2275"]

1.g3 d5 2.Nf3 Nf6 3.Bg2 c6 4.O-O Bg4 5.b3 e6 6.Bb2 Nbd7 7.c4 Be7 8.d3 O-O
9.Nbd2 a5 10.a3 Re8 11.Qc2 Bd6 12.e4 dxe4 13.dxe4 Qc7 14.Rfe1 Bxf3 15.Nxf3 e5
16.Bh3 Rad8 17.Rad1 b6 18.Rd2 Nc5 19.Bc3 Qe7 20.b4 axb4 21.axb4 Na6 22.b5 cxb5
23.cxb5 Nc5 24.Nh4 g6 25.Ng2 Qc7 26.Rde2 Qb7 27.Bd2 Ne6 28.Bxe6 Rxe6 29.Bg5 Rc8
30.Qb3 Nd7 31.Rc2 Nc5 32.Qc4 Ra8 33.Rce2 Ra4 34.Qc2 Rb4 35.Bd2 Rxb5 36.Qc4 Rb3
37.Qc2 Qa6 38.Re3 Qb5 39.Ra1 Rb2 40.Qc1 Re8 41.Ne1 Bf8 42.Nf3 Bh6 43.Bc3 Rxf2
44.Kxf2 Nd3+ 45.Rxd3 Bxc1 46.Rd5 Qb3 47.Rxc1  1-0

[Event "ISR-ch"]
[Site "ISR"]
[Date "1992.??.??"]
[Round "6"]
[White "Slutzkin, Uri"]
[Black "Kogan, Artur"]
[Result "1/2-1/2"]
[WhiteElo "2305"]
[BlackElo "2350"]

1.Nf3 d5 2.g3 Bg4 3.Bg2 c6 4.c4 e6 5.cxd5 exd5 6.b3 Qf6 7.Nc3 Bd6 8.Bb2 Qh6
9.h3 Bxf3 10.Bxf3 Ne7 11.e4 dxe4 12.Nxe4 O-O 13.O-O Nd7 14.Bg2 Be5 15.d4 Bd6
16.Qc1 Qxc1 17.Raxc1 Bb4 18.a3 f5 19.axb4 fxe4 20.b5 Nf6 21.Ba3 Rfe8 22.Bxe7 Rxe7
23.bxc6 bxc6 24.Rxc6 Rb8 25.Rc3 Rb4 26.Rd1 Rd7 27.d5 Nxd5 28.Rc8+ Kf7 29.Rc5 Ke6
30.Bf1 Nb6  1/2-1/2